000 00660nam a2200241Ia 4500
003 OSt
005 20220928125204.0
006 a|||||r|||| 00| 0
007 ta
008 220927b |||||||| |||| 00| 0 eng d
024 _a67863
037 _cTextual
040 _aSDCL
_cSDCL
_beng
041 _2eng
_aeng
082 _aR6y7M63, P3
100 _aBhuyan P R
_9468807
245 0 _aSwami Vivekananda
_b Messiah of resurgent India
260 _aNew Delhi
_bAtlantic Publishers
_c2003
300 _axvii,389p
_ccm.
650 _aSwami Vivekananda
_9468808
942 _hR6y7M63, P3
_cTEXL
_2CC
999 _c781523
_d781523